Principles of Lasers (Record no. 32101)
[ view plain ]
| 000 -LEADER | |
|---|---|
| fixed length control field | 01262cam a2200385 a 4500 |
| 001 - CONTROL NUMBER | |
| control field | 8576511 |
| 003 - CONTROL NUMBER IDENTIFIER | |
| control field | OSt |
| 005 - DATE AND TIME OF LATEST TRANSACTION | |
| control field | 20211020154748.0 |
| 006 - FIXED-LENGTH DATA ELEMENTS--ADDITIONAL MATERIAL CHARACTERISTICS | |
| fixed length control field | m d |
| 007 - PHYSICAL DESCRIPTION FIXED FIELD--GENERAL INFORMATION | |
| fixed length control field | cr n |
| 008 - FIXED-LENGTH DATA ELEMENTS--GENERAL INFORMATION | |
| fixed length control field | 091030s2010 nyua sb 001 0 eng d |
| 020 ## - INTERNATIONAL STANDARD BOOK NUMBER | |
| International Standard Book Number | 9788181289070 |
| 035 ## - SYSTEM CONTROL NUMBER | |
| System control number | (WaSeSS)ssj0000450153 |
| 038 ## - RECORD CONTENT LICENSOR | |
| Staff Name | Khadija |
| 040 ## - CATALOGING SOURCE | |
| Original cataloging agency | DLC |
| Transcribing agency | DLC |
| Modifying agency | WaSeSS |
| 041 1# - LANGUAGE CODE | |
| Language code of text/sound track or separate title | eng |
| Language code of original | ita |
| 042 ## - AUTHENTICATION CODE | |
| Authentication code | pcc |
| 050 #4 - LIBRARY OF CONGRESS CALL NUMBER | |
| Classification number | QC688 |
| Item number | .S913 2008 |
| 082 ## - DEWEY DECIMAL CLASSIFICATION NUMBER | |
| Classification number | 621.366 |
| Author Mark | SVE |
| 100 1# - MAIN ENTRY--PERSONAL NAME | |
| Personal name | Svelto, Orazio. |
| 9 (RLIN) | 83291 |
| 210 10 - ABBREVIATED TITLE | |
| Abbreviated title | Principles of Lasers |
| 240 10 - UNIFORM TITLE | |
| Uniform title | Principi Dei Laser. |
| Language of a work | English |
| 245 10 - TITLE STATEMENT | |
| Title | Principles of Lasers |
| Statement of responsibility, etc. | Orazio Svelto ; translated from Italian and edited by David C. Hanna. |
| 250 ## - EDITION STATEMENT | |
| Edition statement | 4th ed. |
| 260 ## - PUBLICATION, DISTRIBUTION, ETC. | |
| Place of publication, distribution, etc. | New York : |
| Name of publisher, distributor, etc. | Springer, |
| Date of publication, distribution, etc. | 2009. |
| 504 ## - BIBLIOGRAPHY, ETC. NOTE | |
| Bibliography, etc. note | Includes bibliographical references and index. |
| 506 ## - RESTRICTIONS ON ACCESS NOTE | |
| Terms governing access | License restrictions may limit access. |
| 563 ## - BINDING INFORMATION | |
| Binding note | PB |
| 650 #0 - SUBJECT ADDED ENTRY--TOPICAL TERM | |
| Topical term or geographic name entry element | Lasers. |
| 700 1# - ADDED ENTRY--PERSONAL NAME | |
| Personal name | Hanna, D. C. |
| Fuller form of name | (David C.), |
| Dates associated with a name | 1941- |
| 9 (RLIN) | 83292 |
| 773 #0 - HOST ITEM ENTRY | |
| Title | SpringerLink ebooks - Physics and Astronomy (2010) |
| 856 40 - ELECTRONIC LOCATION AND ACCESS | |
| Uniform Resource Identifier | <a href="http://www.columbia.edu/cgi-bin/cul/resolve?clio8576511">http://www.columbia.edu/cgi-bin/cul/resolve?clio8576511</a> |
| Public note | Full text available from SpringerLink ebooks - Physics and Astronomy (2010) |
| 910 ## - USER-OPTION DATA (OCLC) | |
| User-option data | Library of Congress record |
| 942 ## - ADDED ENTRY ELEMENTS (KOHA) | |
| Source of classification or shelving scheme | |
| Koha item type | Book |
| Withdrawn status | Lost status | Source of classification or shelving scheme | Damaged status | Not for loan | Permanent Location | Current Location | Shelving location | Date acquired | Full call number | Barcode | Date last seen | Price effective from | Koha item type |
|---|---|---|---|---|---|---|---|---|---|---|---|---|---|
| School of Mechanical & Manufacturing Engineering (SMME) | School of Mechanical & Manufacturing Engineering (SMME) | General Stacks | 07/24/2015 | 621.366 SVE | SMME-823 | 03/27/2018 | 07/24/2015 | Book |
